| 000 | 00638nam a2200217 a 4500 | ||
|---|---|---|---|
| 001 | BRCA_7754 | ||
| 005 | 20190320205958.0 | ||
| 008 | 120913s1839----gw-a######---#000-0#ger-# | ||
| 041 | _ager | ||
| 044 | _agw | ||
| 050 | 4 |
_aPT2383 _b.K55 1839 |
|
| 100 | 1 |
_aKnigge, Adolph Franz Friedrich Ludwig, Freiherr von _d1752-1796 _919190 |
|
| 245 | 1 | 0 |
_aDie Reise nach Braunschweig _bein komischen roman _cAdolph Freiherr Knigge. |
| 260 |
_aFeldafing, Alemania _bBuchheim _c1839 |
||
| 300 |
_a206 p. _bil. _c21 cm. |
||
| 500 | _aU108 | ||
| 650 | 1 | 4 |
_aViajes imaginarios _917163 |
| 650 | 1 | 4 |
_aNovela cómica _919191 |
| 902 | _aGFM | ||
| 942 |
_2lcc _cB |
||
| 999 |
_c7428 _d7428 |
||